00708nam a2200241 a 4500001001300000003000900013005001700022008004100039020002300080082001800103100002300121245003800144260003500182300000900217500003500226505001000261650002100271700002300292902000800315942000700323952011900330999001700449nice12345678IN_TiNIC20260116014527.0100927s2009 dela grp 000 0 eng  a9788178242972c79500a297.0954bMET aMetcalf, D Barbara aIslam in South Asiab in Practice aDelhi bPermanent Black c2009 a474p aincludes index and biblioraphy2 aIndex aIslam-South Asia1 aMetcalf, D Barbara bSRS cBK 001040708StackRoom-aHMIbHMId2010-12-30g795.00l0o297.0954 METp023362r2017-09-08v795.00w2010-09-27yBK c15786d15786